Finland : (Record no. 84784)
[ view plain ]
| 000 -LEADER | |
|---|---|
| fixed length control field | 00733nam a2200217 a 4500 |
| 001 - CONTROL NUMBER | |
| control field | 84784 |
| 003 - CONTROL NUMBER IDENTIFIER | |
| rucl marc code | BD-RjUL |
| 005 - DATE AND TIME OF LATEST TRANSACTION | |
| control field | 20250408125211.0 |
| 008 - FIXED-LENGTH DATA ELEMENTS--GENERAL INFORMATION | |
| fixed length control field | 250408s1953 enk||||| |||| 00| 0 eng d |
| 035 ## - SYSTEM CONTROL NUMBER | |
| System control number | (BD-RjUL)84784 |
| 040 ## - CATALOGING SOURCE | |
| Original cataloging agency | BD-RjUL |
| Language of cataloging | eng |
| Transcribing agency | BD-RjUL |
| 041 ## - LANGUAGE CODE | |
| Language code of text/sound track or separate title | eng |
| 082 ## - DEWEY DECIMAL CLASSIFICATION NUMBER | |
| Edition number | 23 |
| Classification number | 330.94897 |
| Author mark and year | LAF 1953 |
| 100 ## - MAIN ENTRY--PERSONAL NAME | |
| Personal name | Wright, J. H. |
| 9 (RLIN) | 15199 |
| 245 ## - TITLE STATEMENT | |
| Title | Finland : |
| Remainder of title | economic and commercial conditions in Finland, September,1952 / |
| Statement of responsibility, etc. | J. H. Wright |
| 264 ## - PRODUCTION, PUBLICATION, DISTRIBUTION, MANUFACTURE, AND COPYRIGHT NOTICE | |
| Place of production, publication, distribution, manufacture | London : |
| Name of producer, publisher, distributor, manufacturer | Published for the Commercial Relations and Exports Department, Board of Trade, by H.M.S.O., |
| Date of production, publication, distribution, manufacture, or copyright notice | 1949 |
| 300 ## - PHYSICAL DESCRIPTION | |
| Pagination | 100 p.; |
| Illustrations | ill.; |
| Size | 25 cm. |
| 650 ## - SUBJECT ADDED ENTRY--TOPICAL TERM | |
| Topical term or geographic name as entry element | Economic history |
| Geographic subdivision | Finland |
| 9 (RLIN) | 15197 |
| Topical term or geographic name as entry element | Economic surveys Finland |
| 9 (RLIN) | 15198 |
| 942 ## - ADDED ENTRY ELEMENTS (KOHA) | |
| Source of classification or shelving scheme | Dewey Decimal Classification |
| Koha item type | Books |
| Lost status | Source of classification or shelving scheme | Damaged status | Not for loan | Collection code | Permanent Location | Current Location | Shelving location | Date acquired | Total Checkouts | Full call number | Date last seen | Copy number | Koha item type |
|---|---|---|---|---|---|---|---|---|---|---|---|---|---|
| Dewey Decimal Classification | Not For Loan | Non-fiction | Central Library, University of Rajshahi | Central Library, University of Rajshahi | Reading Room | 08/04/2025 | 330.94897 LAF 1953 | 08/04/2025 | C-1 | Books |